Statistics for Flintstones Characters

Click here to take the quiz!

General Stats

  • This quiz has been taken 174 times
    (172 since last reset)
  • The average score is 9 of 15

Answer Stats

HintAnswer% Correct
FatherFred
99%
Neighbor - FatherBarney
98%
WifeWilma
97%
Neighbor - SonBamm-Bamm
92%
DogDino
92%
Neighbor - WifeBetty
91%
DaughterPebbles
91%
BossMr Slate
63%
AlienThe Great Gazoo
44%
Neighbor - PetHoppy
30%
Paper BoyArnold
28%
Mutual FriendJoe Rockhead
17%
CatBaby Puss
13%
MotherPearl Slaghoople
11%
DoctorRockpile
1%

Score Distribution

Percentile by Number Answered

Percent of People with Each Score

Your Score History

You have not taken this quiz since the last reset